00738nam a2200205Ia 4500003000900000008004100009020001800050040001600068080001500084100002800099245012700127260003200254300001300286650004100299650003200340650003700372942000700409999001500416952010100431IN-BaIIA211028s9999 xx 000 0 eng d a0-7167-1355-1 cIIA Library a52-37bBRE aBreuer, Reinhard913122 0aContact with the starsbthe search for extraterrestrial lifecReinhard Breuer  aOxfordbW. H. Freemanc1982 ax, 292p. aAstronomy and astrophysics thesaurus aExtraterrestrial life94250 aInterstellar communication97541 cBK c7768d7768 00104070aBANbBANcGENd1983-08-30l0o52-37/ BREp8585r2021-11-05w1983-08-30yBKG£ 12.50